000 01124naa a22003257a 4500
001 BR8105970
003 BR-BrBNA
005 20240918174907.0
007 ta
008 230509b bl.||||| |||| 00| 0 por d
040 _aBR-BrBNA
_bpor
_cBiblioteca Nacional de Agricultura
041 _a(Pt)
072 _aF60
_b0210
_b3801
_b3866
090 _aF60 BR8105970
100 1 _aMacedo, M.C.M.
100 1 _aHaag, H.P.
100 1 _aGallo, J.R.
245 1 _aAbsorcao de nutrientes por cultivares nacionais de batatinha (Solanum tuberosum L.)
260 3 _aCampinas, SP (Brasil):
_c1981.
500 _aHaag, H.P.; Minami, K. (eds.) Nutricao mineral em hortalicas Campinas, SP (Brasil): 1981. p. 555-627 (BR8105970-AM)F60
650 _aBATATA
650 _aVARIEDADE
650 _aMACROELEMENTO
650 _aMICROELEMENTO
650 _aNUTRIENTE
650 _aABSORCAO
773 0 _tNutricao mineral em hortalicas
_aHaag, H.P.; Minami, K. (eds.). Fundacao Cargill, Campinas, SP (Brasil)
_wF60 BR8105970
_gCampinas, SP (Brasil), 1981. p. 555-627
909 _a202404
_bLucia
_c55
_dLucia Elande
942 _cAM
_2AGRIS
999 _c314260
_d314260